Tín ngưỡng Thiên Hậu vùng Tây Nam Bộ : (Sách chuyên khảo)

Tín ngưỡng Thiên Hậu vùng Tây Nam Bộ là công trình nghiên cứu mang định hướng tính hệ thống và toàn diện về các bình diện quan trọng của tín ngưỡng này ( nguồn gốc, quá trình biến đổi, đặc điểm, bản chất và giá trị ) trong phối cảnh g...

Cijeli opis

Spremljeno u:
Bibliografski detalji
Glavni autor: Nguyễn, Ngọc Thơ
Format: Knjiga
Jezik:Undetermined
Izdano: Hà Nội Chính trị Quốc gia sự thật 2017
Teme:
Oznake: Dodaj oznaku
Bez oznaka, Budi prvi tko označuje ovaj zapis!
Thư viện lưu trữ: Trung tâm Học liệu Trường Đại học Cần Thơ
LEADER 01380nam a2200241Ia 4500
001 CTU_226684
008 210402s9999 xx 000 0 und d
020 |c 315000 
082 |a 390.09597 
082 |b Th460 
100 |a Nguyễn, Ngọc Thơ 
245 0 |a Tín ngưỡng Thiên Hậu vùng Tây Nam Bộ : 
245 0 |b (Sách chuyên khảo) 
245 0 |c Nguyễn Ngọc Thơ 
260 |a Hà Nội 
260 |b Chính trị Quốc gia sự thật 
260 |c 2017 
520 |a Tín ngưỡng Thiên Hậu vùng Tây Nam Bộ là công trình nghiên cứu mang định hướng tính hệ thống và toàn diện về các bình diện quan trọng của tín ngưỡng này ( nguồn gốc, quá trình biến đổi, đặc điểm, bản chất và giá trị ) trong phối cảnh giao lưu - tiếp biến đa văn hóa ở Tây Nam Bộ nhằm tìm hiểu thuộc tính và quy luật của quá trình biến đổi để thích nghi với môi trường sống mới, tính thời cuộc của văn hóa dân gian. 
650 |a Phong tục tập quán,Manners and customs 
650 |z Việt Nam,Vietnam 
904 |i Nhi 
910 |b dqhieu 
980 |a Trung tâm Học liệu Trường Đại học Cần Thơ